Subjectivity In-Between Times Exploring the Notion of Time in Lacan's Work /

"This new book on Lacan and time is an incisive and novel intervention in psychoanalytic studies. It offers a thorough and remarkably clear account of Lacan's work from the perspective of temporalities. In so doing, it asks us to rethink much of Lacanian theory, especially the central idea...

Full description

Bibliographic Details
Main Author: Wang, Chenyang (Author, http://id.loc.gov/vocabulary/relators/aut)
Corporate Author: SpringerLink (Online service)
Format: Electronic eBook
Language:English
Published: Cham : Springer International Publishing : Imprint: Palgrave Macmillan, 2019.
Edition:1st ed. 2019.
Series:The Palgrave Lacan Series
Subjects:
Online Access:Full Text via HEAL-Link
LEADER 04765nam a2200553 4500
001 978-3-030-26098-9
003 DE-He213
005 20191026141120.0
007 cr nn 008mamaa
008 190919s2019 gw | s |||| 0|eng d
020 |a 9783030260989  |9 978-3-030-26098-9 
024 7 |a 10.1007/978-3-030-26098-9  |2 doi 
040 |d GrThAP 
050 4 |a HM1001-1281 
072 7 |a JMH  |2 bicssc 
072 7 |a PSY031000  |2 bisacsh 
072 7 |a JMH  |2 thema 
082 0 4 |a 302  |2 23 
100 1 |a Wang, Chenyang.  |e author.  |4 aut  |4 http://id.loc.gov/vocabulary/relators/aut 
245 1 0 |a Subjectivity In-Between Times  |h [electronic resource] :  |b Exploring the Notion of Time in Lacan's Work /  |c by Chenyang Wang. 
250 |a 1st ed. 2019. 
264 1 |a Cham :  |b Springer International Publishing :  |b Imprint: Palgrave Macmillan,  |c 2019. 
300 |a X, 260 p. 8 illus.  |b online resource. 
336 |a text  |b txt  |2 rdacontent 
337 |a computer  |b c  |2 rdamedia 
338 |a online resource  |b cr  |2 rdacarrier 
347 |a text file  |b PDF  |2 rda 
490 1 |a The Palgrave Lacan Series 
505 0 |a Chapter 1 - Introduction -- Chapter 2 - Logical Time -- Chapter 3 - Real time -- Chapter 4 - Symbolic time -- Chapter 5 - Symptomatic Time -- Chapter 6 - Sexed Time -- Chapter 7 - Conclusion. 
520 |a "This new book on Lacan and time is an incisive and novel intervention in psychoanalytic studies. It offers a thorough and remarkably clear account of Lacan's work from the perspective of temporalities. In so doing, it asks us to rethink much of Lacanian theory, especially the central idea of the Imaginary, Symbolic and Real, in ways that have important theoretical, clinical and political implications." -Stephen Frosh, Professor of Psychology, Department of Psychosocial Studies, Birkbeck College, University of London, UK. "Chenyang Wang's masterpiece reminds us that time is for Lacan a logical category, not a category of our experience of reality. Time structures the processes of unconscious reasoning and identification: WHEN something is said or done determines the truth of what is said or is done. In these crazy times this lesson is crucial even for our political activity. So don't be too late, act now and read Wang's book!" -Slavoj Žižek, Professor of Philosophy at the European Graduate School This book is the first to systematically investigate how the notion of time is conceptualised in Jacques Lacan's work. Through a careful examination of Lacan's various presentations of time, Chenyang Wang argues that this notion is key to a comprehension of Lacan's psychoanalytic thinking, and in particular to the way in which he theorises subjectivity. This book demonstrates that time is approached by Lacan not only as consciously experienced, but also as pre-reflectively embodied and symbolically generated. In an analysis that begins with Lacan's "Logical Time" essay, Chenyang Wang articulates three temporal registers that correspond to Lacan's Real-Symbolic-Imaginary triad and also demonstrates how Lacan's elaboration of other major themes including consciousness, body, language, desire and sexuality is informed by his original perspectives on time. Filling a significant gap in contemporary Lacanian studies, this book will provide essential reading for students and scholars of psychoanalytic theory, continental philosophy and critical theory. Chenyang Wang is a researcher in the field of psychosocial studies. He completed his PhD thesis on Lacan and time at Birkbeck College, University of London, UK. His work focuses on the intersections between Lacanian psychoanalysis and social research. 
650 0 |a Social psychology. 
650 0 |a Continental Philosophy. 
650 0 |a Psychoanalysis. 
650 0 |a Critical theory. 
650 0 |a Culture-Study and teaching. 
650 1 4 |a Psychosocial Studies.  |0 http://scigraph.springernature.com/things/product-market-codes/Y20220 
650 2 4 |a Continental Philosophy.  |0 http://scigraph.springernature.com/things/product-market-codes/E47000 
650 2 4 |a Psychoanalysis.  |0 http://scigraph.springernature.com/things/product-market-codes/H54026 
650 2 4 |a Critical Theory.  |0 http://scigraph.springernature.com/things/product-market-codes/E44010 
650 2 4 |a Cultural Theory.  |0 http://scigraph.springernature.com/things/product-market-codes/411130 
710 2 |a SpringerLink (Online service) 
773 0 |t Springer eBooks 
776 0 8 |i Printed edition:  |z 9783030260972 
776 0 8 |i Printed edition:  |z 9783030260996 
776 0 8 |i Printed edition:  |z 9783030261009 
830 0 |a The Palgrave Lacan Series 
856 4 0 |u https://doi.org/10.1007/978-3-030-26098-9  |z Full Text via HEAL-Link 
912 |a ZDB-2-BSP 
950 |a Behavioral Science and Psychology (Springer-41168)